00328 a2200133 4500020001800000050002100018245001900039264002700058300001700085440002900102500001200131650003500143651001600178 a978058226455714aPQ3989.2 BA 198610aScarlet song / aUSA: bLongman,c1986. aiv, 171 p. ; 0aLongman African classics aclassic aLove, Tradition and chauvinism aWest Africa